| 000 | 00803 a2200253 4500 | ||
|---|---|---|---|
| 001 | 200043031 | ||
| 651 | 0 |
_aSarajevo (Bosnia and Herzegovina) _xHistory _977679 |
|
| 999 |
_c200043031 _d35013 |
||
| 003 | TR-AnTOB | ||
| 005 | 20240926110657.0 | ||
| 008 | 111014s1998 tu 000 0 | ||
| 020 | _a9789958991943 | ||
| 041 | 0 |
_abas _aeng |
|
| 050 | 0 | 0 |
_aDR1776.3 _b.H35 2010 |
| 090 | _aDR1776.3 .H35 2010 | ||
| 100 | 1 |
_aHalilović, Jasminko, _d1988- _977677 |
|
| 245 | 1 | 0 |
_aSarajevo : _bmoj grad, mjesto susreta = My city, a place to meet / _cJasminko Halilović. |
| 246 | 3 | 1 | _aMy city, a place to meet |
| 264 | 1 |
_aSarajevo : _bUrban, _c2010. |
|
| 300 |
_a195 p. : _bcol. ill. ; _c31 cm. |
||
| 546 | _aIn Bosnian and English. | ||
| 651 | 0 |
_aSarajevo (Bosnia and Herzegovina) _xSocial life and customs _977678 |
|
| 942 | _cBK | ||